书目信息 |
| 题名: |
土壤地理实验实习
|
|
| 作者: | 霍亚贞 编 | |
| 分册: | ||
| 出版信息: | 北京 高等教育出版社 1987.03 |
|
| 页数: | 249页 | |
| 开本: | 32开 | |
| 丛书名: | ||
| 单 册: | ||
| 中图分类: | S152-33 | |
| 科图分类: | ||
| 主题词: | 土壤学 | |
| 电子资源: | ||
| ISBN: | 7-04-001441-6 | |
| 000 | 00517nam0 2200181 45 | |
| 001 | 0006191758 | |
| 005 | 20000619173017.6 | |
| 010 | @a7-04-001441-6@d1.35元 | |
| 100 | @a20000619d1987 km y0chiy0120 ea | |
| 101 | 0 | @achi |
| 200 | 1 | @a土壤地理实验实习@ATu Rang Di Li Shi Yan Shi Xi@f霍亚贞等编@FHuo Ya Zhen Deng Bian |
| 210 | @a北京@c高等教育出版社@d1987.03 | |
| 215 | @a249页@d32开 | |
| 606 | 0 | @a土壤学 |
| 690 | @aS152-33@v3 | |
| 701 | 0 | @a霍亚贞@4编 |
| 801 | @aCN@bPftUser@c20000619 | |
| 905 | @b208205@dS152-33@eH981@f1 | |
| 土壤地理实验实习/霍亚贞等编.-北京:高等教育出版社,1987.03 |
| 249页;32开 |
| ISBN 7-04-001441-6:1.35元 |
| ● |
| 相关链接 |
|
|
|
正题名:土壤地理实验实习
索取号:S152-33/H981
 
预约/预借
| 序号 | 登录号 | 条形码 | 馆藏地/架位号 | 状态 | 备注 |
| 1 | 208205 | 202082058 | 自科库401/401自科库 67排1列5层/ [索取号:S152-33/H981] | 在馆 | |
| 2 | 208208 | 202082085 | 自科库401/401自科库 66排6列1层/ [索取号:S152-33/H981] | 在馆 |